Implications of the financial market turmoil on global real estate markets (Record no. 107609)

MARC details
000 -LEADER
fixed length control field 01180cai a22002175a 4500
001 - CONTROL NUMBER
control field L141084
008 - FIXED-LENGTH DATA ELEMENTS--GENERAL INFORMATION
fixed length control field 071026s2007 xxkad f s 000 0 eng d
035 ## - SYSTEM CONTROL NUMBER
System control number (Sirsi) u141084
041 0# - LANGUAGE CODE
Language code of text/sound track or separate title eng
050 04 - LIBRARY OF CONGRESS CALL NUMBER
Classification number 332.642 $2 18
100 1# - MAIN ENTRY--PERSONAL NAME
Personal name Hobbs, Peter
245 00 - TITLE STATEMENT
Title Implications of the financial market turmoil on global real estate markets
Medium [electronic resource]
260 ## - PUBLICATION, DISTRIBUTION, ETC.
Place of publication, distribution, etc. London
Name of publisher, distributor, etc. RREEF
Date of publication, distribution, etc. 2007
505 2# - FORMATTED CONTENTS NOTE
Formatted contents note Introduction -- Pre-turmoil outlook -- Financial market turmoil -- Economic impacts -- Real estate impacts -- Downside risks -- Implications
520 ## - SUMMARY, ETC.
Summary, etc. Evaluates implications of financial market turmoil of the Summer of 2007 for real estate markets. Covers: outlook before the Summer 2007 uncertainty; overview of the financial markets during the 2007 turmoil; impact of this turmoil on international real estate markets; explores some of the risks associated with a downside scenario; discusses the implications for investment strategy.
590 ## - LOCAL NOTE (RLIN)
Local note ka
651 #4 - SUBJECT ADDED ENTRY--GEOGRAPHIC NAME
Geographic name International
690 ## - LOCAL SUBJECT ADDED ENTRY--TOPICAL TERM (OCLC, RLIN)
Topical term or geographic name as entry element PROPERTY-PROPERTY FINANCE AND INVESTMENT
856 48 - ELECTRONIC LOCATION AND ACCESS
Uniform Resource Identifier <a href="https://www.rreef.com">https://www.rreef.com</a>
Public note View this item free of charge under research at: www.rreef.com...
942 ## - ADDED ENTRY ELEMENTS (KOHA)
Suppress in OPAC 0
Holdings
Withdrawn status Lost status Source of classification or shelving scheme Damaged status Not for loan Home library Current library Shelving location Date acquired Total Checkouts Full call number Barcode Date last seen Copy number Price effective from Koha item type
    Dewey Decimal Classification     Virtual Virtual Online 26/10/2007   ONLINE PUBLICATION 141084-1001 06/08/2019 1 06/08/2019 Book